banner koha

Eficiencia de estirpes de Bradyrhizobium spp. para quatro leguminosas arboreas e competitividade das estirpes em Albizia lebbek em latossolo acido (Registro n. 122815)

MARC details
000 -LÍDER
campo de controle de tamanho fixo 01108nas a2200277 4500
001 - NÚMERO DE CONTROLE
campo de controle BR8802275
003 - IDENTIFICADOR DO NÚMERO DE CONTROLE
campo de controle BR-BrBNA
005 - DATA E HORÁRIO DA ÚLTIMA TRANSAÇÃO
campo de controle 20231205091115.0
007 - CAMPO FIXO DE DESCRIÇÃO FÍSICA--INFORMAÇÃO GERAL
campo de controle de tamanho fixo ta
008 - CAMPO DE DADOS FIXOS--INFORMAÇÃO GERAL
campo de controle de tamanho fixo 230509b bl.|||p| |||| 00| 00por d
040 ## - FONTE DA CATALOGAÇÃO
Instituição da catalogação original BR-BrBNA
Idioma da catalogação por
Instituição que transcreveu o registro Biblioteca Nacional de Agricultura
041 ## - CÓDIGO DE IDIOMA
Código do idioma do texto/trilha sonora ou título diferente (Pt)
072 ## - CÓDIGO DE CATEGORIA DE ASSUNTO
Código de Categoria de Assunto P34
100 1# - ENTRADA PRINCIPAL--NOME PESSOAL
Nome pessoal Ribeiro Junior, W.Q.
100 1# - ENTRADA PRINCIPAL--NOME PESSOAL
Nome pessoal Lopes, E.S.
100 1# - ENTRADA PRINCIPAL--NOME PESSOAL
Nome pessoal Franco, A.A.
111 1# - ENTRADA PRINCIPAL--NOME DO EVENTO
Nome do evento ou lugar 21. Congresso Brasileiro de Ciencia do Solo
Local do evento Campinas, SP (Brazil)
Data do evento ou assinatura do tratado 19-25 Jul 1987
245 1# - TÍTULO
Título Eficiencia de estirpes de Bradyrhizobium spp. para quatro leguminosas arboreas e competitividade das estirpes em Albizia lebbek em latossolo acido
Restante do título Parte de tese
246 1# - FORMA VARIANTE DO TÍTULO
Título/título abreviado Efficiency of Bradyrhizobium spp on four legume trees, and competitiveness of strains on Albizia lebbek in an acid red-yellow latosol
650 ## - ASSUNTO--TERMO TÓPICO
Cabeçalho tópico ou nome geográfico CORACAO-DE-NEGRO
650 ## - ASSUNTO--TERMO TÓPICO
Cabeçalho tópico ou nome geográfico RHIZOBIUM
650 ## - ASSUNTO--TERMO TÓPICO
Cabeçalho tópico ou nome geográfico ESTIRPE
773 0# - ENTRADA ANALÍTICA
Título Revista Brasileira de Ciencia do Solo (Brazil)
ISSN - International Standard Serial Number ISSN 0100-0683
Partes relacionadas (Sep-Dec 1987), v. 11(3) p. 275-282
Número de controle do registro BR8802275
909 ## -
-- 202311
-- Lúcia
-- 55
-- Lúcia Elande
942 ## - ELEMENTOS DE ENTRADA ADICIONADOS (KOHA)
Fonte da classificação ou esquema de arquivamento na estante Classificação AGRIS
Ocultar no OPAC Não
Tipo de material Koha Analítica
Exemplares
Situação do descarte Fonte da classificação ou esquema de arquivamento na estante Situação física Não pode ser emprestado Biblioteca de origem Biblioteca atual Localização na estante Enumeração do periódico / cronologia Total de empréstimos Data de último acesso Número do exemplar Tipo de material Koha Fonte de aquisição
  Classificação AGRIS   Consulta local Biblioteca Nacional de Agricultura - Binagri Biblioteca Nacional de Agricultura - Binagri   (Sep-Dec 1987), v. 11(3) p. 275-282   29/11/2023 01 Periódicos Portaria Interministerial nº 164/94

BINAGRI

Telefone: (61)3218-2567/2388/3357/2097 - binagri@agro.gov.br

Ministério da Agricultura e Pecuária , Esplanada dos Ministérios, Bloco D, Anexo B, Brasília/DF, CEP: 70.043-900